Lessons Learned and Raising the Potential of Central and Eastern European Countries in the Eyes of Foreign Investors

Salvato in:
Dettagli Bibliografici
Autore principale: Jamborová, Erika Mária
Altri autori: Šprochová, Lenka
Natura: Capitolo di libro
Lingua:inglese
Soggetti:
Tags: Aggiungi Tag
Nessun Tag, puoi essere il primo ad aggiungerne!!

MARC

LEADER 00000naa$a2200000$$$4500
001 0196075
005 20240502073314.7
041 0 |a eng 
044 |a SK 
245 1 0 |a Lessons Learned and Raising the Potential of Central and Eastern European Countries in the Eyes of Foreign Investors  |c Erika Mária Jamborová, Lenka Šprochová 
610 2 0 |a konkurencieschopnosť 
610 2 0 |a stredná Európa 
610 2 0 |a východná Európa 
610 2 0 |a investície priame zahraničné 
610 2 0 |a kríza hospodárska 
100 1 |a Jamborová, Erika Mária 
700 1 |a Šprochová, Lenka